000 00641nam a22001697a 4500
003 0
005 20260122103846.0
020 _a9789347218088
082 _aH 343.7309944 GAR
100 _aGarg, Sandeep
_92859
245 _aSaibar Vidhi : Suchana Prodhogiki Adhiniyam. 2000
260 _aNew Delhi
_bCommercial Law Publishers
_c2026
300 _a45 p.
520 _aCyber Law : Information Technology Act, 2000 Jan Vishwas (Amendment of Provisions) Act, 2023 Digital Personal Data Protection Act, 2023
650 _aCyber Law : Information Technology Act, 2000
_aDigital Personal Data Protection Act, 2023
_917218
942 _cB
999 _c360356
_d360356